Sample Paper Mathematics-10 (Record no. 12212)

MARC details
000 -LEADER
fixed length control field 00253nam a22000977a 4500
008 - FIXED-LENGTH DATA ELEMENTS--GENERAL INFORMATION
fixed length control field 221215b |||||||| |||| 00| 0 eng d
020 ## - INTERNATIONAL STANDARD BOOK NUMBER
International Standard Book Number 9789355617569
100 ## - MAIN ENTRY--PERSONAL NAME
Personal name EduCart
9 (RLIN) 7648
245 ## - TITLE STATEMENT
Title Sample Paper Mathematics-10
260 ## - PUBLICATION, DISTRIBUTION, ETC. (IMPRINT)
Place of publication, distribution, etc. New Delhi
Name of publisher, distributor, etc. Agarwal
Date of publication, distribution, etc. 2022
Holdings
Withdrawn status Lost status Source of classification or shelving scheme Damaged status Koha normalized classification for sorting Not for loan Home library Current library Shelving location Date acquired Total Checkouts Full call number Barcode Date last seen Date last checked out Price effective from Koha item type
    Dewey Decimal Classification   EDU_510_000000000000000   Good Samaritan School Library Good Samaritan School Library Mathematics 12/15/2022 4 EDU510 EDU17455 10/15/2024 10/15/2024 12/15/2022 BOOK

Powered by Koha